| 000 | 00374nam a2200157Ia 4500 | ||
|---|---|---|---|
| 999 |
_c1806 _d1806 |
||
| 020 | _a81-85488-02-9 | ||
| 082 | _a340.954 SHA-; | ||
| 100 | _aSharma, Ganga Sahai | ||
| 245 | 0 | _aFundamentals of legal writing | |
| 260 |
_aJaipur _bUniversity Book _c1992 |
||
| 300 | _a210p. | ||
| 650 | _aLaw - Sources | ||
| 650 | _aLegal language | ||
| 650 | _aLaw - Language | ||
| 942 | _cBK | ||